[Event "Titled Tue 26th Aug Late"]
[Site "chess.com INT"]
[Date "2025.08.26"]
[Round "10"]
[White "Hungaski, Robert"]
[Black "Arslanov, Shamil"]
[Result "1/2-1/2"]
[WhiteTitle "GM"]
[BlackTitle "IM"]
[WhiteElo "2477"]
[BlackElo "2410"]
[WhiteFideId "2021030"]
[BlackFideId "4192826"]
[EventDate "2025.08.26"]

1. e4 d5 2. e5 c5 3. c3 Nc6 4. d4 cxd4 5. cxd4 Qb6 6. Ne2 Bf5 7. a3 e6 8. Nbc3
f6 9. Na4 Qc7 10. Ng3 fxe5 11. Nxf5 exf5 12. dxe5 Qxe5+ 13. Qe2 Bd6 14. Bg5 h6
15. Qxe5+ Bxe5 16. Be3 Nf6 17. O-O-O O-O 18. Nc5 f4 19. Bd2 Ne4 20. Nxe4 dxe4
21. Bc4+ Kh8 22. Bd5 Bd4 23. Bxe4 Bxf2 24. Bc3 Rad8 25. Rhf1 Be3+ 26. Kc2 Bd4
27. Bxc6 Bxc3 28. Bxb7 Be5 29. Bd5 g5 30. h3 Kg7 31. b4 Rc8+ 32. Kb3 Rfd8 33.
Bc4 Kf6 34. a4 h5 35. a5 g4 36. hxg4 hxg4 37. b5 Kf5 38. Rd3 Rxd3+ 39. Bxd3+ Kf6
40. Bc4 Rd8 41. Rh1 Rd2 42. b6 axb6 43. axb6 Rb2+ 44. Ka4 f3 45. gxf3 gxf3 46.
Bd5 f2 47. Bg2 Kg5 48. b7 Kf4 49. Rc1 Kg3 50. Bf1 Bf4 51. Rc4 Be5 52. Rb4 Rxb4+
53. Kxb4 Kh2 54. Kb5 Kg1 55. Be2 f1=Q 56. Bxf1 Kxf1 57. Kc6 Bf4 58. Kd7 Bg3 59.
Kc8 Bh2 60. b8=Q Bxb8 1/2-1/2

[Event "Titled Tue 26th Aug Late"]
[Site "chess.com INT"]
[Date "2025.08.26"]
[Round "10"]
[White "Kao, Jamison Edrich"]
[Black "Dubnevych, Maksym"]
[Result "0-1"]
[WhiteTitle "CM"]
[BlackTitle "FM"]
[WhiteElo "2081"]
[BlackElo "2296"]
[WhiteFideId "6007937"]
[BlackFideId "14184001"]
[EventDate "2025.08.26"]

1. e4 e5 2. Nf3 Nc6 3. Nc3 Nf6 4. Bb5 Bd6 5. d3 O-O 6. a3 Nd4 7. Bc4 Nxf3+ 8.
Qxf3 Be7 9. h3 d6 10. Bg5 Be6 11. O-O c6 12. Rad1 Nd7 13. Bxe7 Qxe7 14. Bxe6
fxe6 15. Qe3 c5 16. Ne2 Qh4 17. Qg3 Qh5 18. Qe3 Rf6 19. f4 Raf8 20. fxe5 Qxe5
21. c3 d5 22. d4 Qxe4 23. Qxe4 dxe4 24. Rxf6 Rxf6 25. dxc5 Nxc5 26. Rd8+ Rf8 27.
Rd4 e5 28. Rd5 Nd3 29. b3 Rf2 30. Ng3 Rxg2+ 31. Kxg2 Nf4+ 32. Kf2 Nxd5 33. Nxe4
b6 34. Kf3 Kf7 35. c4 Ne7 36. Nd6+ Ke6 37. Nb5 Nc6 38. Ke4 g5 39. Nc7+ Kd6 40.
Nb5+ Kd7 41. Nc3 Ke6 42. Nb5 h5 43. Nc7+ Kd6 44. Ne8+ Ke7 45. Ng7 h4 46. Nf5+
Ke6 47. Ng7+ Kf6 48. Ne8+ Ke7 49. Nc7 Kf6 50. Nd5+ Kg6 51. b4 g4 52. hxg4 Kg5
53. Ne3 h3 54. Kf3 h2 55. Kg2 Kf4 56. Nd5+ Kxg4 57. Kxh2 Kf3 58. Kg1 Ke2 59. b5
Na5 60. Ne7 e4 61. Nc6 e3 62. c5 Kd1 63. cxb6 e2 64. bxa7 e1=Q+ 65. Kg2 Qe8 66.
Nxa5 Qg6+ 67. Kh2 Qh7+ 68. Kg3 Qxa7 69. Nc6 Qxa3+ 70. Kf4 Qa4+ 71. Ke5 Qxb5+ 72.
Kd6 0-1

[Event "Titled Tue 26th Aug Late"]
[Site "chess.com INT"]
[Date "2025.08.26"]
[Round "10"]
[White "Ono, David"]
[Black "Demaria, Juan Pablo"]
[Result "1-0"]
[BlackTitle "FM"]
[WhiteElo "2110"]
[BlackElo "2215"]
[WhiteFideId "146943"]
[BlackFideId "104922"]
[EventDate "2025.08.26"]

1. c4 c6 2. Nf3 d5 3. g3 e6 4. Bg2 Nf6 5. O-O dxc4 6. a4 Be7 7. Qc2 O-O 8. Na3
Na6 9. Nxc4 Nb4 10. Qd1 b5 11. Nce5 a6 12. d3 Bb7 13. Be3 c5 14. Rc1 Rc8 15. Bd2
Nc6 16. Nxc6 Bxc6 17. axb5 axb5 18. Qb3 Qb6 19. Ra1 Bd5 20. Qc2 b4 21. b3 Nd7
22. Bf4 Bf6 23. Ra2 Ra8 24. Nd2 Rxa2 25. Qxa2 Ra8 26. Qc2 Qb7 27. e4 Bc6 28. Nc4
Bd4 29. Be3 Qa6 30. Bxd4 cxd4 31. Qd2 Qb5 32. Rc1 Nc5 33. Qc2 Nb7 34. f4 Rd8 35.
Ne5 Be8 36. h3 Nd6 37. Kh2 h6 38. Qc5 Qxc5 39. Rxc5 Rc8 40. Rxc8 Nxc8 41. Nf3
Nd6 42. Nxd4 Bd7 43. Nc2 Nb5 44. Nxb4 Nd4 45. Kg1 Nxb3 46. Kf2 f6 47. Ke3 e5 48.
Nc2 Kf7 49. d4 exd4+ 50. Nxd4 Nc5 51. g4 g5 52. Nf5 Bxf5 53. exf5 Nb3 54. Bd5+
Ke7 55. Bxb3 Kd6 56. fxg5 hxg5 57. Kf3 Ke5 58. Kg3 Ke4 59. Bc2+ Ke3 60. h4 gxh4+
61. Kxh4 Kf4 62. Kh5 Kg3 63. Bd1 Kf4 64. Kg6 Ke5 65. Kf7 1-0

[Event "Titled Tue 26th Aug Late"]
[Site "chess.com INT"]
[Date "2025.08.26"]
[Round "10"]
[White "Lai, Duc Minh"]
[Black "Bogaudinov, Rushan"]
[Result "0-1"]
[BlackTitle "FM"]
[WhiteElo "2121"]
[BlackElo "1912"]
[WhiteFideId "12420387"]
[BlackFideId "4129288"]
[EventDate "2025.08.26"]

1. e4 c5 2. Nf3 d6 3. Bb5+ Bd7 4. Bxd7+ Nxd7 5. O-O Ngf6 6. Re1 e6 7. c4 Be7 8.
Nc3 O-O 9. d4 a6 10. e5 dxe5 11. dxe5 Ne8 12. Qe2 Nb8 13. Be3 Nc6 14. Rad1 Qc7
15. Bf4 Rd8 16. Qe4 h6 17. h4 Qc8 18. g4 Nc7 19. g5 hxg5 20. Bxg5 Rxd1 21. Rxd1
Rd8 22. Rxd8+ Bxd8 23. Ne2 Qd7 24. Kg2 b5 25. b3 bxc4 26. bxc4 Ne8 27. Nf4 Nd4
28. Nxd4 cxd4 29. Bxd8 Qxd8 30. Nd3 g6 31. Nb4 Ng7 32. Nc6 Qc7 33. Nxd4 Qxc4 34.
Qa8+ Kh7 35. Nf3 Qg4+ 36. Kf1 Nf5 37. Ng5+ Kg7 38. Qb7 Qd1+ 39. Kg2 Qg4+ 40. Kf1
Qd1+ 41. Kg2 Qg4+ 42. Kh2 Qxh4+ 43. Nh3 Qg4 44. f3 Qg3+ 45. Kh1 Qxh3+ 46. Kg1
Qg3+ 47. Kf1 Qxe5 48. f4 Qxf4+ 49. Ke1 Qe5+ 50. Kf1 g5 51. Qxa6 Ne3+ 52. Ke2
Nd5+ 53. Kf1 g4 54. a4 Qf4+ 55. Kg1 g3 56. Qe2 Qf2+ 57. Kh1 Qxe2 0-1

[Event "Titled Tue 26th Aug Late"]
[Site "chess.com INT"]
[Date "2025.08.26"]
[Round "10"]
[White "Hernandez Bermudez, Ulises Eduardo"]
[Black "Clawitter, Craig"]
[Result "0-1"]
[WhiteElo "2042"]
[BlackElo "2050"]
[WhiteFideId "3902510"]
[BlackFideId "2023105"]
[EventDate "2025.08.26"]

1. e4 e5 2. Nf3 Nc6 3. Bc4 Nf6 4. d4 exd4 5. O-O Nxe4 6. Re1 d5 7. Bxd5 Qxd5 8.
Nc3 Qa5 9. Rxe4+ Be6 10. Nxd4 O-O-O 11. Be3 Nxd4 12. Rxd4 Bc5 13. Rxd8+ Rxd8 14.
Qf3 Bb4 15. Ne4 Be7 16. a3 h6 17. h3 f5 18. Nc3 Bf6 19. Bf4 Bxc3 20. bxc3 g5 21.
Qe3 Re8 22. Be5 f4 23. Qd4 Qd5 24. Re1 Qxd4 25. Bxd4 Bd7 26. Rxe8+ Bxe8 27. Bg7
h5 28. Bh6 g4 29. Bxf4 gxh3 30. g3 Bg6 31. Kh2 Bxc2 32. Kxh3 Kd7 33. Kh4 Bd1 34.
Be3 a6 35. f4 Ke6 36. Kg5 Bg4 37. Bd4 b6 38. f5+ Bxf5 39. Kxh5 c5 40. Be3 Kd5
41. Kg5 Be4 42. Kf4 Bg6 43. Bd2 b5 44. Kg5 Bd3 45. g4 Kc4 46. Kf6 Kb3 47. Be3
Kxa3 48. Bxc5+ Kb3 49. Bb4 Ka4 50. g5 a5 51. Be7 Kb3 52. Bd8 a4 53. g6 a3 54. c4
Bxc4 55. Kg5 a2 56. Bf6 Kc2 57. Kf4 b4 58. Ke4 b3 59. g7 b2 60. Kd4 b1=Q 61.
Kxc4 Qb3+ 62. Kc5 Kb1 63. Kd6 a1=Q 64. Bxa1 Kxa1 65. Ke7 Qg8 66. Kf6 Kb2 67. Kg6
Kc3 0-1

[Event "Titled Tue 26th Aug Late"]
[Site "chess.com INT"]
[Date "2025.08.26"]
[Round "10"]
[White "Caruana, Fabiano"]
[Black "Aravindh, Chithambaram VR."]
[Result "1-0"]
[WhiteTitle "GM"]
[BlackTitle "GM"]
[WhiteElo "2784"]
[BlackElo "2723"]
[WhiteFideId "2020009"]
[BlackFideId "5072786"]
[EventDate "2025.08.26"]

1. e4 c5 2. Nf3 Nc6 3. Bb5 g6 4. O-O Bg7 5. Re1 e5 6. Bxc6 dxc6 7. a4 a5 8. Na3
Ne7 9. Nc4 f6 10. d3 Be6 11. b3 O-O 12. Be3 b6 13. Nfd2 Qc7 14. f3 h5 15. Qe2 g5
16. Qf2 Rf7 17. h4 g4 18. f4 f5 19. Nxe5 Bxe5 20. fxe5 f4 21. Bxf4 Ng6 22. g3
Raf8 23. Rf1 Nxf4 24. gxf4 Rxf4 25. Qe3 Qxe5 26. Rxf4 Rxf4 27. Rf1 Rxf1+ 28.
Nxf1 Kg7 29. Ng3 Kg6 30. Ne2 Bf7 31. Kg2 Kg7 32. Qf2 b5 33. c4 bxc4 34. bxc4 Qb2
35. Ng3 Qe5 36. Nf5+ Kf8 37. Nh6 Qe7 38. Qf4 Qd7 39. Qb8+ Be8 40. Qf4+ Bf7 41.
Qf6 Ke8 42. Qh8+ Ke7 43. Nf5+ Ke6 44. Qh6+ Ke5 45. Qg7+ Ke6 46. e5 Qd8 47. Nd6
Qe7 48. Ne4 Kd7 49. Nf6+ Kd8 50. Ne4 Be6 51. Qh8+ Kc7 52. Qxh5 Qd7 53. Nxc5 Qe7
54. Nxe6+ Qxe6 55. Qh7+ Kb6 56. Qe4 c5 57. Kg3 Qf7 58. Kxg4 Qf2 59. h5 Qg1+ 60.
Kf5 Qf1+ 61. Kg5 Qg1+ 62. Kh6 Qc1+ 63. Kg7 Qg5+ 64. Qg6+ 1-0

[Event "Titled Tue 26th Aug Late"]
[Site "chess.com INT"]
[Date "2025.08.26"]
[Round "10"]
[White "Gomes, Luiz Alexandre de Souza"]
[Black "Zampronha, Wladimir Camilo"]
[Result "1-0"]
[WhiteTitle "FM"]
[WhiteElo "2254"]
[BlackElo "2157"]
[WhiteFideId "2102790"]
[BlackFideId "2103087"]
[EventDate "2025.08.26"]

1. e4 c5 2. Nf3 e6 3. c4 Nc6 4. Nc3 Nf6 5. Be2 d5 6. cxd5 exd5 7. exd5 Nxd5 8.
O-O Be7 9. d4 O-O 10. Nxd5 Qxd5 11. dxc5 Qxd1 12. Rxd1 Bxc5 13. Bf4 Be6 14. Rac1
Bb6 15. b3 Rfd8 16. Bd6 h6 17. h3 Rd7 18. Ne5 Nxe5 19. Bxe5 Rad8 20. Rxd7 Rxd7
21. Bf3 Rd2 22. Bg3 Bd5 23. Bxd5 Rxd5 24. Rc2 Rd3 25. Kh2 Kh7 26. Bc7 Bd4 27. f3
Rc3 28. Rxc3 Bxc3 29. Kg3 Kg6 30. Kf4 Kf6 31. Ke4 Ke6 32. g4 a6 33. f4 g6 34.
f5+ Kd7 35. Be5 Bd2 36. fxg6 fxg6 37. Kd5 Bc1 38. Bd4 Bd2 39. Kc5 Bc1 40. Kb6
Kc8 41. a4 Bf4 42. Kc5 Kd7 43. Kd5 Bd2 44. Be5 Bc1 45. b4 Bd2 46. b5 axb5 47.
axb5 Bc1 48. Bd4 Bf4 49. Bg7 h5 50. gxh5 gxh5 51. Bf8 Bd2 52. Ke5 Ke8 53. Bc5
Be1 54. Kf6 Kd7 55. Kg6 h4 56. Kf5 Bg3 57. Be3 Kc7 58. Kg4 Be1 59. Bd4 Bg3 60.
Bg1 Be1 61. Be3 Bg3 62. Bg5 Kb6 63. Bxh4 Bxh4 64. Kxh4 Kxb5 65. Kg5 Kc6 66. h4
b5 67. h5 b4 68. h6 b3 69. h7 b2 70. h8=Q b1=Q 71. Qf6+ Kd5 72. Qf5+ Kd4 73.
Qxb1 1-0

[Event "Titled Tue 26th Aug Late"]
[Site "chess.com INT"]
[Date "2025.08.26"]
[Round "10"]
[White "Piesik, Piotr"]
[Black "Beznosov, Timofey"]
[Result "1-0"]
[WhiteTitle "IM"]
[BlackTitle "CM"]
[WhiteElo "2427"]
[BlackElo "2131"]
[WhiteFideId "1136194"]
[BlackFideId "34497951"]
[EventDate "2025.08.26"]

1. Nf3 d5 2. g3 c5 3. Bg2 Nc6 4. d4 cxd4 5. Nxd4 g6 6. O-O Bg7 7. Nxc6 bxc6 8.
c4 Nf6 9. Nc3 e6 10. Qa4 O-O 11. Qxc6 Bd7 12. Qa6 d4 13. Nb5 e5 14. e3 d3 15.
Bd2 e4 16. Nd6 Qe7 17. Bc3 Rab8 18. Qa3 Bc6 19. Rac1 Rfd8 20. Nxe4 Qxa3 21.
Nxf6+ Bxf6 22. bxa3 Bxg2 23. Bxf6 Bxf1 24. Kxf1 Rd7 25. Rd1 Rc8 26. Bd4 Rxc4 27.
Rxd3 Ra4 28. Rc3 f5 29. Ke2 Kf7 30. h4 Rb7 31. Kf3 Ke6 32. Kf4 Kd6 33. Kg5 Rb2
34. f3 Rxa2 35. Rc8 Kd7 36. Rh8 R4xa3 37. Rxh7+ Ke6 38. Kxg6 a5 39. Ra7 Rg2 40.
Ra6+ Kd5 41. Kxf5 Rxg3 42. Kf4 Rh3 43. Kg4 Rh1 44. h5 Ra2 45. Kg5 a4 46. h6 a3
47. Ra5+ Kc4 48. Ra7 Rg2+ 49. Kf5 a2 50. h7 Rxh7 51. Rxh7 Rd2 52. Ra7 Kb3 53.
Ke4 Rh2 54. f4 Kb4 55. f5 Kc4 56. f6 Rh4+ 57. Ke5 Rh5+ 58. Ke6 Kb3 59. f7 Rh6+
60. Ke7 Rh7 61. Rxa2 Kxa2 62. Ke8 Rxf7 63. Kxf7 Kb3 64. e4 Kc4 65. e5 Kd5 66. e6
Kd6 67. e7 Kd7 68. e8=Q+ Kc7 69. Qe6 Kb8 70. Be5+ Kb7 71. Qd7+ Kb6 72. Bd4+ Ka5
73. Qb7 Ka4 74. Bc5 Ka5 75. Qb6+ Ka4 76. Qb4# 1-0

[Event "Titled Tue 26th Aug Late"]
[Site "chess.com INT"]
[Date "2025.08.26"]
[Round "10"]
[White "Harriott, Tyrell"]
[Black "Ferrara, Enzo"]
[Result "1/2-1/2"]
[WhiteElo "1933"]
[BlackElo "2138"]
[WhiteFideId "2086484"]
[BlackFideId "137731"]
[EventDate "2025.08.26"]

1. d4 f5 2. e3 Nf6 3. Bd3 d5 4. f4 e6 5. Nf3 Bd6 6. c4 c6 7. O-O O-O 8. Nc3 Nbd7
9. c5 Be7 10. Rb1 b6 11. b4 a5 12. b5 bxc5 13. bxc6 Nb8 14. Bb5 Qc7 15. dxc5
Nxc6 16. Nd4 Na7 17. Na4 Rb8 18. Ba3 Ne4 19. Qd3 Nxb5 20. Nxb5 Qc6 21. Rfc1 Ba6
22. Nb6 Bxc5 23. Bxc5 Nxc5 24. Qd4 Bxb5 25. Rxc5 Qxb6 26. Rcxb5 Qxb5 27. Rxb5
Rxb5 28. h3 Rfb8 29. h4 Kf7 30. h5 h6 31. Qa7+ R8b7 32. Qa6 Rb1+ 33. Kh2 R1b5
34. Qc6 Rb2 35. Kg3 R2b4 36. Qc8 Re7 37. Qc5 Ra4 38. Qc2 Re4 39. Kf3 Rb7 40. Qc8
Re7 41. Qc5 a4 42. Qc6 Re8 43. Qd7+ Re7 44. Qd6 Rc4 45. Qa3 Rb7 46. g4 fxg4+ 47.
Kxg4 Rb1 48. Qd6 Rb7 49. Qd8 Re7 50. Kf3 Re4 51. Qa8 Rc7 52. Qa6 Ke7 53. Qa5 Kd7
54. Qd2 Kd6 55. Qg2 Rc3 56. Qb2 Rcxe3+ 57. Kg4 e5 58. Qb6+ Kd7 59. Qb7+ Ke6 60.
Qc6+ Ke7 61. Qc5+ Kf7 62. Qxd5+ Kf8 63. Qd6+ Kf7 64. Qd7+ Kf8 65. Qd8+ Kf7 66.
Qd7+ Kg8 67. Qe6+ Kh7 68. Qg6+ Kg8 69. Qe6+ Kf8 70. Qc8+ Ke7 71. Qc7+ Ke6 72.
Qc6+ Ke7 73. Qc7+ Ke8 74. Qc8+ Kf7 75. Qd7+ 1/2-1/2

[Event "Titled Tue 26th Aug Late"]
[Site "chess.com INT"]
[Date "2025.08.26"]
[Round "10"]
[White "Tang, Austin"]
[Black "Rosen, Eric"]
[Result "0-1"]
[BlackTitle "IM"]
[WhiteElo "1920"]
[BlackElo "2377"]
[WhiteFideId "30964580"]
[BlackFideId "2032562"]
[EventDate "2025.08.26"]

1. e4 c5 2. Nf3 Nc6 3. Bb5 d6 4. c3 Nf6 5. Qe2 Bd7 6. O-O a6 7. Bd3 Bg4 8. Bc2
Ne5 9. d4 Nxf3+ 10. gxf3 Bh3 11. Rd1 cxd4 12. cxd4 e6 13. Nc3 Be7 14. a4 Qa5 15.
f4 Bg4 16. f3 Bh3 17. Qf2 Qh5 18. e5 Nd7 19. Ne4 d5 20. Ng3 Qh4 21. f5 Rc8 22.
Be3 Bg5 23. Rac1 Bxe3 24. Qxe3 O-O 25. Bd3 Nb6 26. b3 Nd7 27. a5 Nb8 28. Kh1 Nc6
29. Bf1 Bxf1 30. Nxf1 exf5 31. Qd2 f4 32. Re1 Rce8 33. Re2 Re6 34. Rg2 g5 35.
Rg4 Qh5 36. h4 h6 37. Kg1 Rg6 38. hxg5 hxg5 39. Qh2 Qxh2+ 40. Nxh2 Nxd4 41. Kf2
Re8 42. Rc7 Rxe5 43. Rxb7 Nf5 44. Rg1 Ne3 45. Ng4 Nxg4+ 46. fxg4 Kg7 47. Rb6 d4
48. Rd1 Rxa5 49. Rxg6+ fxg6 50. Rxd4 Rb5 51. Rd7+ Kh6 52. Rd6 a5 53. Ra6 Rc5 54.
Kf3 Rc3+ 55. Kf2 Rxb3 56. Rxa5 Rg3 57. Ra8 Rxg4 58. Rh8+ Kg7 59. Ra8 Rh4 60. Kf3
Rh3+ 61. Ke4 Re3+ 62. Kd4 g4 63. Ra5 Kf6 64. Ra6+ Re6 65. Ra5 g5 66. Ra8 g3 67.
Rf8+ Kg6 68. Rg8+ Kf5 69. Rf8+ Kg4 70. Ra8 Re2 71. Ra1 g2 72. Kd3 f3 73. Rg1 Re8
74. Kd2 Kg3 75. Kc1 f2 76. Rd1 g1=Q 77. Kb2 Qxd1 0-1

[Event "Titled Tue 26th Aug Late"]
[Site "chess.com INT"]
[Date "2025.08.26"]
[Round "10"]
[White "Kavyev, Ruslan"]
[Black "Baches Garcia, Guillermo"]
[Result "1-0"]
[WhiteTitle "FM"]
[BlackTitle "IM"]
[WhiteElo "2179"]
[BlackElo "2305"]
[WhiteFideId "34110981"]
[BlackFideId "2209764"]
[EventDate "2025.08.26"]

1. Nf3 d5 2. e3 Nf6 3. c4 e6 4. b3 Bd6 5. Bb2 O-O 6. Nc3 c5 7. cxd5 exd5 8. d4
Nc6 9. Be2 b6 10. O-O Bb7 11. Rc1 Rc8 12. Re1 Re8 13. Bf1 Bf8 14. g3 Ne7 15. Bg2
Ng6 16. dxc5 bxc5 17. Ne2 Ne4 18. Nd2 f5 19. Bh3 Nd6 20. Bg2 Ne4 21. Nxe4 fxe4
22. Qc2 Ne5 23. Bxe5 Rxe5 24. Red1 g5 25. Nc3 Qf6 26. Qe2 Bd6 27. Rd2 Rf8 28.
Rcd1 d4 29. exd4 cxd4 30. Nxe4 Bxe4 31. Bxe4 Bc5 32. Qd3 h6 33. Kg2 Kg7 34. Re2
Bb6 35. Rc1 Rfe8 36. Rc6 R8e6 37. Rxe6 Rxe6 38. Rc2 Re7 39. Rc6 Re6 40. Rc8 Re7
41. Bf3 Rf7 42. Rc6 Qf5 43. Qxf5 Rxf5 44. Rd6 Re5 45. Rd7+ Kf6 46. Bh5 Re7 47.
Rd6+ Re6 48. Rd5 Re5 49. Rd7 Re7 50. Rxe7 Kxe7 51. Be2 Kf6 52. Bd3 Ke5 53. Kf3
Ba5 54. Kg4 Kf6 55. h4 Bc7 56. Kh5 gxh4 57. Kxh4 Kg7 58. Kg4 Kf6 59. f4 Bd8 60.
b4 Be7 61. a3 Bd6 62. Kf3 h5 63. Ke4 Bc7 64. Be2 Kg6 65. Kxd4 Bb6+ 66. Ke4 Bf2
67. Kf3 Be1 68. Bd3+ Kf6 69. b5 Bc3 70. a4 Ba5 71. Be4 Bb6 72. Bc6 Bc5 73. Be8 1-0

[Event "Titled Tue 26th Aug Late"]
[Site "chess.com INT"]
[Date "2025.08.26"]
[Round "10"]
[White "Yurovskykh, Oleksandr"]
[Black "Liu, Zachary Hankun"]
[Result "1/2-1/2"]
[WhiteTitle "FM"]
[WhiteElo "2379"]
[BlackElo "1998"]
[WhiteFideId "14134020"]
[BlackFideId "2640287"]
[EventDate "2025.08.26"]

1. d4 Nf6 2. Nf3 c5 3. c3 g6 4. Bg5 Bg7 5. Nbd2 d5 6. e3 O-O 7. Bd3 Nc6 8. O-O
Qb6 9. Rb1 cxd4 10. exd4 Bf5 11. Bxf5 gxf5 12. Re1 Ne4 13. Bf4 e6 14. Nb3 Qd8
15. Nc1 Kh8 16. Nd3 Rg8 17. Nfe5 Nxe5 18. Bxe5 Bxe5 19. Nxe5 Qf6 20. f3 Nd6 21.
Qd2 Rg7 22. Re2 Rag8 23. Qf4 Ne8 24. Rc1 Qd8 25. b3 Nf6 26. Qh4 Nd7 27. Qxd8
Rxd8 28. Nd3 Rgg8 29. Kf2 Rge8 30. g3 Kg7 31. Ke3 Kf6 32. Kd2 Nb6 33. Rg1 Rg8
34. g4 Nd7 35. Reg2 fxg4 36. fxg4 Ke7 37. h3 Nf6 38. Nf2 h5 39. g5 Nd7 40. h4 a5
41. a4 Rb8 42. Nd3 b5 43. axb5 Rxb5 44. Rb1 Rgb8 45. Kc2 a4 46. b4 Rc8 47. Ra1
Nb6 48. Nc5 Ra8 49. Kd3 a3 50. Rga2 Nc4 51. Kc2 Rbb8 52. Nd3 Rg8 53. Ne5 Nxe5
54. dxe5 Rgc8 55. Rxa3 Rxa3 56. Rxa3 Rc4 57. b5 Rxh4 58. b6 Kd7 59. Ra7+ Kc6 60.
Rxf7 Kxb6 61. Rf6 Rg4 62. Rxe6+ Kc5 63. Re8 Rxg5 64. e6 Re5 65. Rh8 Kd6 66. Rh6
Ke7 67. Kd3 Rxe6 68. Rxh5 Rd6 69. Kd4 Kd7 70. Rxd5 Kc6 71. Rxd6+ Kxd6 72. Kc4
Kc6 73. Kb4 Kb6 74. Kb3 Kb5 75. Kb2 Kc4 76. Kc2 Kc5 77. Kd2 Kc4 78. Kc2 Kc5 79.
Kd3 Kd5 80. c4+ Kc5 81. Kc3 Kc6 82. Kd4 Kd6 83. c5+ Kc6 84. Kc4 Kc7 85. Kd5 Kd7
86. c6+ Kc7 87. Kc5 Kc8 88. Kc4 Kc7 89. Kd5 Kc8 90. Kc5 Kc7 91. Kb5 Kc8 92. Kb6
Kb8 93. c7+ Kc8 94. Kc6 1/2-1/2

[Event "Titled Tue 26th Aug Late"]
[Site "chess.com INT"]
[Date "2025.08.26"]
[Round "10"]
[White "Donoso Aguirre, Maximiliano"]
[Black "Buchenau, Frank"]
[Result "0-1"]
[WhiteTitle "CM"]
[BlackTitle "FM"]
[WhiteElo "1978"]
[BlackElo "2205"]
[WhiteFideId "3458920"]
[BlackFideId "4604350"]
[EventDate "2025.08.26"]

1. e4 e6 2. d4 d5 3. Nc3 Nf6 4. e5 Nfd7 5. f4 c5 6. Nf3 Nc6 7. Be3 a6 8. Qd2 b5
9. Be2 Qb6 10. Nd1 b4 11. c4 bxc3 12. Nxc3 Rb8 13. b3 Qa5 14. O-O cxd4 15. Nxd4
Nxd4 16. Bxd4 Bc5 17. Kh1 Bxd4 18. Qxd4 Qb4 19. Qd2 O-O 20. Rad1 f6 21. exf6
Nxf6 22. f5 Bd7 23. fxe6 Bxe6 24. Bf3 Ne4 25. Bxe4 dxe4 26. Qe3 Rxf1+ 27. Rxf1
Rc8 28. Nxe4 Bd5 29. Ng3 h6 30. Qe5 Qb7 31. Qe2 Kh7 32. h3 a5 33. Rd1 Bc6 34.
Kh2 Re8 35. Qd3+ Kh8 36. Rd2 Qb8 37. h4 a4 38. Qc3 Bb5 39. bxa4 Bxa4 40. Qd4 Bc6
41. Qg4 Qb7 42. Nf5 Rf8 43. Ng3 Qf7 44. a4 Qf4 45. Qxf4 Rxf4 46. Rd8+ Kh7 47. a5
Rxh4+ 48. Kg1 Ra4 49. Rd6 Bb5 50. a6 Rxa6 51. Rxa6 Bxa6 52. Kf2 Bb7 53. Ne2 g6
54. g3 Kg7 55. Ke3 Kf6 56. Nd4 h5 57. Nb5 Bc6 58. Nd4 Bd5 59. Nb5 Ke5 60. Nd4 g5
61. Ne2 Bc6 62. Nd4 Bb7 63. Nb5 Ba8 64. Nc7 Bc6 65. Na6 Kf5 66. Nb4 Bb7 67. Nd3
Kg4 68. Kf2 h4 69. Ne5+ Kh3 70. gxh4 gxh4 71. Ng6 Kg4 72. Kg1 h3 73. Ne5+ Kg3
74. Ng4 Bf3 75. Kf1 Bg2+ 76. Kg1 Kxg4 77. Kh2 Kh4 78. Kg1 Bc6 79. Kf2 Bb7 80.
Ke3 Kg3 81. Kd4 h2 82. Ke5 h1=Q 0-1

[Event "Titled Tue 26th Aug Late"]
[Site "chess.com INT"]
[Date "2025.08.26"]
[Round "11"]
[White "Murawski, Jan"]
[Black "Lai, Duc Minh"]
[Result "0-1"]
[WhiteTitle "CM"]
[WhiteElo "2189"]
[BlackElo "2121"]
[WhiteFideId "21009287"]
[BlackFideId "12420387"]
[EventDate "2025.08.26"]

1. c4 c5 2. Nf3 g6 3. d4 Bg7 4. d5 e6 5. e4 exd5 6. cxd5 d6 7. Nc3 Bg4 8. Be2
Nf6 9. h3 Bxf3 10. Bxf3 O-O 11. O-O Nbd7 12. a4 Ne8 13. Bf4 f5 14. Qd2 Ne5 15.
Bxe5 Bxe5 16. exf5 Qh4 17. fxg6 Rxf3 18. gxf3 Bf4 19. Qd3 Qxh3 20. gxh7+ Kh8 21.
Rfd1 Bh2+ 22. Kh1 Bg3+ 23. Kg1 Qh2+ 24. Kf1 Qxf2# 0-1

[Event "Titled Tue 26th Aug Late"]
[Site "chess.com INT"]
[Date "2025.08.26"]
[Round "11"]
[White "Weisz, Bryan"]
[Black "Pniaczek, Marek"]
[Result "1-0"]
[BlackTitle "FM"]
[WhiteElo "2078"]
[BlackElo "2188"]
[WhiteFideId "30934133"]
[BlackFideId "21800421"]
[EventDate "2025.08.26"]

1. h4 e5 2. h5 d5 3. e3 c5 4. d4 Nc6 5. dxe5 Nxe5 6. Nf3 Nxf3+ 7. gxf3 Nf6 8. h6
gxh6 9. Nc3 Be6 10. Bb5+ Bd7 11. Be2 h5 12. Nxd5 Bg7 13. e4 Bc6 14. c4 Bxd5 15.
cxd5 Qd6 16. Be3 O-O-O 17. Bxc5 1-0

[Event "Titled Tue 26th Aug Late"]
[Site "chess.com INT"]
[Date "2025.08.26"]
[Round "11"]
[White "Oluka Robert Mcligeyo"]
[Black "Nicot, Valentin"]
[Result "0-1"]
[WhiteTitle "CM"]
[BlackTitle "CM"]
[WhiteElo "2081"]
[BlackElo "2140"]
[WhiteFideId "10814647"]
[BlackFideId "651002477"]
[EventDate "2025.08.26"]

1. Nf3 Nf6 2. c4 e6 3. g3 b6 4. Bg2 Bb7 5. O-O Be7 6. d4 O-O 7. Nc3 d5 8. Ne5
Nbd7 9. cxd5 exd5 10. Bf4 c6 11. Rc1 Nxe5 12. Bxe5 Bd6 13. e4 dxe4 14. Nxe4 Nxe4
15. Bxe4 Bxe5 16. dxe5 Qe7 17. Qd7 Qxd7 0-1

[Event "Titled Tue 26th Aug Late"]
[Site "chess.com INT"]
[Date "2025.08.26"]
[Round "11"]
[White "Shton, Roman"]
[Black "Carafizi, Vasile"]
[Result "1-0"]
[BlackTitle "FM"]
[WhiteElo "2081"]
[BlackElo "2134"]
[WhiteFideId "14137461"]
[BlackFideId "4002539"]
[EventDate "2025.08.26"]

1. d4 Nf6 2. Nf3 e6 3. g3 c5 4. Bg2 Nc6 5. O-O cxd4 6. Nxd4 Nxd4 7. Qxd4 d5 8.
c4 Be7 9. Nc3 dxc4 10. Qxc4 O-O 11. Rd1 Qa5 12. Bd2 Qc5 13. Qb3 Ng4 14. Be1 Rb8
15. h3 Ne5 16. Rac1 Qb4 17. Nd5 Qxb3 18. Nxe7+ Kh8 19. axb3 Bd7 20. f4 Rfe8 1-0

[Event "Titled Tue 26th Aug Late"]
[Site "chess.com INT"]
[Date "2025.08.26"]
[Round "11"]
[White "Popov, Tikhon"]
[Black "Sheehan, Ethan"]
[Result "0-1"]
[WhiteTitle "FM"]
[WhiteElo "2335"]
[BlackElo "2323"]
[WhiteFideId "24252026"]
[BlackFideId "30943965"]
[EventDate "2025.08.26"]

1. e4 e5 2. Nf3 Nc6 3. Bc4 Nf6 4. d3 Bc5 5. c3 a6 6. O-O d6 7. a4 Ba7 8. Re1 O-O
9. h3 Be6 10. Bxe6 fxe6 11. b4 Nh5 12. Ra2 Qf6 13. Nbd2 Nf4 14. Qc2 Qg6 15. Nh4
Qg3 16. Ndf3 Bxf2+ 17. Qxf2 Nxh3+ 18. Kf1 Nxf2 19. Rxf2 Rf7 20. b5 axb5 21. axb5
Ne7 22. Bg5 h6 23. Bxe7 Rxe7 24. Re3 g5 25. Ng6 Rg7 0-1

[Event "Titled Tue 26th Aug Late"]
[Site "chess.com INT"]
[Date "2025.08.26"]
[Round "11"]
[White "Liu, Zachary Hankun"]
[Black "Almagro Mazariegos, Sebastian"]
[Result "1-0"]
[BlackTitle "FM"]
[WhiteElo "1998"]
[BlackElo "2259"]
[WhiteFideId "2640287"]
[BlackFideId "2221640"]
[EventDate "2025.08.26"]

1. e4 c6 2. d4 d5 3. exd5 cxd5 4. Nf3 Nf6 5. c3 Nc6 6. Ne5 e6 7. Nd2 Nxe5 8.
dxe5 Nd7 9. Nf3 Qc7 10. Bf4 f6 11. Qe2 fxe5 12. Nxe5 Bd6 13. Nxd7 Bxd7 14. Bxd6
Qxd6 15. Qe3 O-O 16. Bd3 e5 17. O-O d4 18. cxd4 exd4 19. Qd2 Bc6 20. f3 Rfe8 21.
Rad1 Rad8 22. Rfe1 Qc5 23. b4 Qc3 24. Qxc3 dxc3 25. Rxe8+ Rxe8 26. Rc1 Bd5 27.
Rxc3 Bxa2 28. Ra3 Bd5 29. Rxa7 Re3 30. Ra8+ Kf7 31. Bxh7 g6 32. Bg8+ 1-0